logo

Bir Sreshtho Munshi Abdur Rouf Library
Jhenaidah Cadet College

The Dna Of Success Stories / (Record no. 14020)

MARC details
000 -LEADER
fixed length control field 00579nam a2200229 a 4500
001 - CONTROL NUMBER
JCCL Control Number 14020
003 - CONTROL NUMBER IDENTIFIER
JCCL marc code BD-JhCC
005 - DATE AND TIME OF LATEST TRANSACTION
control field 20240523141611.0
008 - FIXED-LENGTH DATA ELEMENTS--GENERAL INFORMATION
fixed length control field 180908s2011 bg |||| |||| 000 0 e d
020 ## - INTERNATIONAL STANDARD BOOK NUMBER
International Standard Book Number 100071077375
035 ## - SYSTEM CONTROL NUMBER
system control number (BD-JhCC)14020
040 ## - CATALOGING SOURCE
Original cataloging agency BD-JhCC
Modifying agency BD-JhCC
041 ## - LANGUAGE CODE
Language code of Book english
082 ## - DEWEY DECIMAL CLASSIFICATION NUMBER
Classification number 158.1
Author mark and Year ZUF 2011
100 ## - MAIN ENTRY--PERSONAL NAME
Personal name Zufelt, Jack M
245 ## - TITLE STATEMENT
Title The Dna Of Success Stories /
Statement of responsibility, etc Jack M Zufelt.
260 ## - PUBLICATION, DISTRIBUTION, ETC. (IMPRINT)
Place of publication, distribution, etc India:
Name of publisher, distributor, etc Tata McGraw Hill;
Date of publication, distribution, etc 2011.
300 ## - PHYSICAL DESCRIPTION
Pagination 209 p. :
Dimensions 22 cm.
650 ## - SUBJECT ADDED ENTRY--TOPICAL TERM
Topical term or geographic name as entry element Self-Development
942 ## - ADDED ENTRY ELEMENTS (KOHA)
Source of classification or shelving scheme Dewey Decimal Classification
Koha item type Books
Holdings
Source of classification or shelving scheme Damaged status Not for loan Home library Current library Shelving location Date of accession Total Checkouts Full call number Barcode Date last seen Copy number Method of acquisition Koha item type Currency
Dewey Decimal Classification     JCC Rouf Library JCC Rouf Library General Stacks     158.1 ZUF 2011 19559 05/23/2024 C-1 Purchase Books BDT

JCC Library | Contacts | JCC Home

Last Update on 23 September 2017
Copyright @ 2017-2020 JCC Rouf Library
Rouf Library, Jhenidah Cadet College (JCC), Bangladesh